Feathered Indians - Tyler Childers Lyric Quiz - Statistics

General Stats
  • This quiz has been taken 477 times
  • The average score is 204 of 245
Answer Stats
Answer % Correct
I
100%
a
99%
in
99%
the
99%
my
98%
feathered
97%
her
97%
indian
97%
of
97%
on
97%
we
97%
buckle
96%
little
96%
makes
96%
are
95%
inside
95%
there
95%
thigh
95%
impressions
94%
indians
94%
Verse 1 | Verse 3 Well
94%
an
93%
night
93%
through
93%
to
93%
me
91%
she
91%
was
91%
where
91%
have
90%
if
90%
then
90%
you
90%
angel
89%
I'd
89%
back
88%
be
88%
came
88%
get
88%
home
88%
house
88%
known
88%
religious
88%
stoned
88%
such
88%
up
88%
wouldn't
88%
Chorus Hold
87%
hold
87%
close
86%
dear
86%
fucked
85%
sing
85%
and
84%
ear
84%
for
84%
run
84%
song
84%
your
84%
too
83%
love
82%
softly
82%
count
81%
how
81%
tell
81%
when
81%
along
80%
always
80%
can
80%
tussled
80%
bullets
79%
just
79%
across
78%
river
78%
true
78%
will
78%
runs
77%
that
77%
leave
76%
tonight
76%
whispering
76%
bad
75%
honey
75%
smoking
75%
told
75%
spirits
74%
things
74%
ain't
73%
anybody
73%
fly
73%
roof
73%
them
73%
is
72%
asked
71%
heart
71%
West
71%
folks
70%
many
70%
over
70%
people
70%
try
70%
Virginia
70%
been
69%
but
69%
Verse 2 Looking
69%
said
69%
sweating
69%
go
67%
nothing
67%
now
67%
warned
67%
behind
66%
couldn't
66%
it
65%
like
64%
rain
64%
several
64%
has
63%
out
63%
minute
62%
from
61%
running
61%
circles
60%
clouds
60%
till
60%
calling
59%
more
58%
thicket
57%
wanting
57%
careless
55%
there's
55%
though
50%
thorns
49%
it'd
33%
raced
33%
No matching quizzes found
Score Distribution
Percent of People with Each Score
Percentile by Number Answered
Your Score History
You have not taken this quiz